000 00560nam a2200193Ia 4500
005 20250508154900.0
008 008 250505s9999 xx 000 0 eng d
037 _aTextual
040 _aFEDL
_beng
_cFEDL
041 _aeng
_2eng
084 _a371.3, MEA
_qFEDL
100 _aMeans Richard K
_9766298
245 0 _aMethodology in education
260 _aColumbus, USA
_bCharles E. Merrill Publishing Company
_c1968
300 _avi,122p.
650 _aTeacher - Technique
_9755755
942 _cTEXL
_h371.3, MEA
999 _c1352602
_d1352602